000 00764nam a22002652a 4500
999 _c9662
_d9662
001 9662
003 BD -JhCC
005 20180325192055.0
008 180321s1972 enka j 001 0 eng d
020 _a0356039846
035 _aOCLC ocm11638518 from D951117M
_a(BD -JhCC)9662
040 _aEUT
_cEUT
_dEQO
_dBD -JhCC
041 _aeng
082 _bHAR 1972
_a304.2
100 1 _aHarris, Anne.
245 1 0 _aMan's environment /
_cAnne Harris, Carolyn Harrison, Peter Smithson
260 _aLondon :
_bMacdonald Educational,
_c1972.
300 _a48 p. :
_bill. (part col.) ;
_c29 cm
500 _aIncludes index
650 _aHuman ecology
700 1 _aHarrison, Carolyn M.
700 1 _aSmithson, Peter,
_d1923-2003.
942 _2ddc
_cBK